000 00602nam a2200205Ia 4500
005 20250508151209.0
008 008 250505s9999 xx 000 0 eng d
037 _aTextBook
040 _aFEDL
_beng
_cFEDL
041 _aeng
_2eng
084 _a370.954, KEA/R
_qFEDL
100 _aKeay F E
245 0 _aAncient Indian education : An inquiry into its origin, development, and ideals
260 _aLondon, UK
_bOxford University Press
_c1918
300 _a191p
365 _aGifted
650 _aEducation - India
942 _cTB
_h370.954, KEA/R
999 _c1328176
_d1328176